000 00777nam a2200229 a 4500
005 20240912063824.0
008 070201s1994 mx r 000 0 spa d
020 _a9501110265
035 _aUPN01000149085
049 _aI
050 4 _aPZ14.9
_bG3.2 1994
100 1 _aGarrido de Rodriguez, Neli
245 1 0 _a100 cuentos de Neli Garrido :
_bpara leer antes de dormir /
_cNeli Garrido ; il. de Nora Hilb.
250 _a2a ed.
260 _aBuenos Aires :
_bSigmar,
_c1994.
300 _a69 p. :
_bil. col.
440 0 _a100 cuentos
586 _aPrimer premio de la Cámara Argentina de Publicaciones Categoria Literatura Infantil y Juvenil Bienio 1994/95
650 4 _aCuentos infantiles
_96744
650 4 _aCuentos infantiles argentinos
_97466
905 _aInfantil
999 _c121226
_d121226